| 000 | 05476cgm a2200925Ka 4500 | ||
|---|---|---|---|
| 003 | OCoLC | ||
| 005 | 20241220120509.0 | ||
| 007 | vd cvaizk | ||
| 008 | 070208s2007 cau181 g vleng d | ||
| 001 | ocm82372302 | ||
| 024 | 1 | _a027616063281 | |
| 028 | 4 | 2 |
_a106328 _bMGM Home Entertainment |
| 035 | _a(Sirsi) o82372302 | ||
| 035 | _a(OCoLC)82372302 | ||
| 037 |
_bMidwest Tape _nhttp://www.midwesttapes.com |
||
| 040 |
_aTEFMT _cTEFMT _dTEF _dUINTA |
||
| 041 | 1 |
_aeng _afre _aspa _beng _bspa _heng |
|
| 043 | _ae-ru--- | ||
| 049 | _aUCLB | ||
| 050 | 1 | 4 |
_aPN1995.9.M86 _bF533547 2007 |
| 082 | 0 | 4 |
_a791.43/72 _222 |
| 092 | _a791.437 | ||
| 245 | 0 | 0 |
_aFiddler on the roof _h[videorecording] / _cThe Mirisch Production Company presents a Norman Jewison film ; screenplay by Joseph Stein ; produced and directed by Norman Jewison. |
| 250 | _a1-disc collector's ed. | ||
| 260 |
_aBeverly Hills, Calif. : _bMGM Home Entertainment : _bDistributed by 20th Century Fox Home Entertainment, _c[2007] |
||
| 300 |
_a1 videodisc (181 min.) : _bsd., col. ; _c4 3/4 in. |
||
| 538 | _aDVD, region 1, widescreen (2.35:1) presentation; Dolby Digital 5.1 surround, Dolby Digital mono., dual-layer, NTSC. | ||
| 546 | _aEnglish (Dolby 5.1), French (Dolby mono.) or Spanish (Dolby mono.) dialogue, English or Spanish subtitles; closed-captioned. | ||
| 500 | _aTitle from container. | ||
| 511 | 1 | _aTopol, Norma Crane, Leonard Frey, Molly Picon, Paul Mann. | |
| 508 | _aCinematography, Oswald Morris ; music for stage play and film, Jerry Bock ; lyrics for stage play and film, Sheldon Harnick ; music adapted and conducted by John Williams ; original choreography, Jerome Robbins ; adapted for the screen, Tom Abbott. | ||
| 500 | _aOriginally produced for the New York stage by Harold Prince ; entire stage production directed and choreographed by Jerome Robbins ; based on the stage play "Fiddler on the roof" ; adapted from Sholom Aleichem ; stories by special arrangement with Arnold Perl. | ||
| 500 | _aOriginally released as a motion picture in 1971. | ||
| 521 | 8 | _aMPAA rating: G. | |
| 520 | _aTevye is a poor milkman in czarist Russia, where he provides for five unmarried daughters and a sharp-tongued wife. Faced with mounting financial strain and growing anti-Semitism, Tevye strives to maintain balance despite the precarious nature of his situation. | ||
| 500 | _aSpecial features: Disc one: Audio commentary by director/producer Norman Jewison and actor Topol ; Disc two: "John Williams: creating a musical tradition" featurette; "Tevye's daughters" featurette; "Set in reality: production design" featurette; "Songs of 'Fiddler on the roof': featurette; "Norman Jewison looks back" featurette; "Tevye's dream sequence": original print and full color side-by-side comparison and an introduction by Norman Jewison; "Norman Jewison, filmmaker" documentary; historical background: read by Norman Jewison with photographs by Ann Weiss; "The stories of Sholom Aleichem" read by Norman Jewison; deleted song "Any day now"; production design and storyboards; photographic production diary. | ||
| 586 | 8 | _aAcademy Awards (USA), 1972: Best Cinematography (Oswald Morris) ; Best Music, Scoring Adaptation and Original Song Score (John Williams) ; Best Sound (Gordon K. McCallum, David Hildyard). | |
| 586 | 8 | _aGolden Globes (USA), 1972: Best Motion Picture - Musical/Comedy ; Best Motion Picture Actor - Musical/Comedy (Topol). | |
| 650 | 0 |
_aMilk trade _zRussia (Federation) _vDrama. _96507211 |
|
| 650 | 0 |
_aJewish families _zRussia (Federation) _vDrama. _96507212 |
|
| 650 | 0 |
_aFathers and daughters _zRussia (Federation) _vDrama. _96507213 |
|
| 650 | 0 |
_aSisters _zRussia (Federation) _vDrama. _96507214 |
|
| 650 | 0 |
_aTradition (Judaism) _vDrama. _96507215 |
|
| 650 | 0 |
_aDating services _zRussia (Federation) _vDrama. _96507216 |
|
| 651 | 0 |
_aRussia _vDrama. _96507217 |
|
| 650 | 7 |
_aAbastecimiento de leche _zRusia _vTeatro. _2bidex _96507218 |
|
| 650 | 7 |
_aFamilia _zRusia _vTeatro. _2bidex _96507219 |
|
| 650 | 4 |
_aMilk trade _zRussia _vDrama. _96507220 |
|
| 650 | 4 |
_aJewish families _zRussia _vDrama. _96507221 |
|
| 650 | 4 |
_aFather-daughter relationship _zRussia _vDrama. _96507222 |
|
| 650 | 4 |
_aSisters _zRussia _vDrama. _96507223 |
|
| 650 | 4 |
_aTradition (Judaism) _vDrama. _96507215 |
|
| 650 | 4 |
_aDating services _zRussia _vDrama. _96507224 |
|
| 651 | 4 |
_aRussia _vDrama. _96507217 |
|
| 655 | 0 |
_aFeature films. _96172252 |
|
| 655 | 0 |
_aMusical films. _96172253 |
|
| 655 | 0 |
_aFilm adaptations. _96172254 |
|
| 655 | 0 |
_aVideo recordings for the hearing impaired. _96172255 |
|
| 655 | 7 |
_aMusical _vFeature. _2local _95765156 |
|
| 655 | 7 |
_aAdaptation _vFeature. _2local _96358759 |
|
| 700 | 1 |
_aStein, Joseph. _96172257 |
|
| 700 | 1 |
_aJewison, Norman, _d1926- _925930 |
|
| 700 | 1 |
_aTopol, _d1935- _916975 |
|
| 700 | 1 |
_aCrane, Norma, _d1931-1973. _959498 |
|
| 700 | 1 |
_aFrey, Leonard, _d1938-1988. _927635 |
|
| 700 | 1 |
_aPicon, Molly. _99457 |
|
| 700 | 1 |
_aMann, Paul, _d1915-1985. _962029 |
|
| 700 | 1 |
_aMorris, Oswald, _d1915- _963664 |
|
| 700 | 1 |
_aBock, Jerry. _919024 |
|
| 700 | 1 |
_aHarnick, Sheldon. _915297 |
|
| 700 | 1 |
_aWilliams, John, _d1932- _913533 |
|
| 700 | 0 |
_aSholem Aleichem, _d1859-1916. _96172258 |
|
| 700 | 1 |
_aPerl, Arnold. _961609 |
|
| 710 | 2 |
_aMirisch Production Company. _976697 |
|
| 710 | 2 |
_aMGM Home Entertainment Inc. _964163 |
|
| 710 | 2 |
_aTwentieth Century Fox Home Entertainment, Inc. _961951 |
|
| 942 |
_cDVD _0151 |
||
| 994 |
_aC0 _bUINTA |
||
| 998 | _aa101395 | ||
| 999 |
_c46304 _d46304 |
||